000 00478nam a2200181Ia 4500
005 20250508151626.0
008 008 250505s9999 xx 000 0 eng d
037 _aTextual
040 _aFEDL
_beng
_cFEDL
041 _aeng
_2eng
084 _aF, DOS
_qFEDL
100 _aDostoevsky Fyodor
245 0 _aCrime and publishment
260 _aMelbourne
_bWilliam Heinemann Limited
_c1914
300 _a482p.
942 _cTEXL
_hF, DOS
999 _c1330988
_d1330988